Central Library OPAC University of Rajshahi

Technique of administration : (Record no. 16117)

MARC details
000 -LEADER
fixed length control field 00835nam a22002651 4500
001 - CONTROL NUMBER
control field 16117
003 - CONTROL NUMBER IDENTIFIER
rucl marc code BD-RjUL
005 - DATE AND TIME OF LATEST TRANSACTION
control field 20211208235945.0
008 - FIXED-LENGTH DATA ELEMENTS--GENERAL INFORMATION
fixed length control field 140211s1951 nyn 001 0 eng
035 ## - SYSTEM CONTROL NUMBER
System control number (BD-RjUL)16172
040 ## - CATALOGING SOURCE
Original cataloging agency DLC
Transcribing agency TxShA
Modifying agency BD-RjUL
Language of cataloging eng
041 ## - LANGUAGE CODE
Language code of text/sound track or separate title eng
082 ## - DEWEY DECIMAL CLASSIFICATION NUMBER
Classification number 658.409
Author mark and year SCT 1951
100 1# - MAIN ENTRY--PERSONAL NAME
Personal name Schell, Erwin Haskell
Dates associated with a name 1889-1965.
9 (RLIN) 49889
245 10 - TITLE STATEMENT
Title Technique of administration :
Remainder of title administrative proficiency in business /
Statement of responsibility, etc. Erwin Haskell Schell
250 ## - EDITION STATEMENT
Edition statement 2d ed.
260 ## - PUBLICATION, DISTRIBUTION, ETC. (IMPRINT)
Place of publication, distribution, etc. New York :
Name of publisher, distributor, etc. McGraw-Hill,
Date of publication, distribution, etc. c1951.
300 ## - PHYSICAL DESCRIPTION
Pagination xii, 363 p. ;
Size 20 cm.
500 ## - GENERAL NOTE
General note First ed. published in 1936 under title: Administrative proficiency in business.
504 ## - BIBLIOGRAPHY, ETC. NOTE
Bibliography, etc Includes indexes.
650 #0 - SUBJECT ADDED ENTRY--TOPICAL TERM
Topical term or geographic name as entry element Executive ability.
9 (RLIN) 49890
Topical term or geographic name as entry element Business.
9 (RLIN) 49891
942 ## - ADDED ENTRY ELEMENTS (KOHA)
Source of classification or shelving scheme Dewey Decimal Classification
Koha item type Books
Holdings
Lost status Source of classification or shelving scheme Damaged status Not for loan Collection code Permanent Location Current Location Shelving location Date acquired Source of acquisition Cost, normal purchase price Total Checkouts Full call number Date last seen Copy number Koha item type
  Dewey Decimal Classification     Non-fiction Central Library, University of Rajshahi Central Library, University of Rajshahi   28/07/2064 Zeitlinger 50.60   658.409 SCT 1951 11/02/2014 C-3 Books
  Dewey Decimal Classification     Non-fiction Central Library, University of Rajshahi Central Library, University of Rajshahi   06/12/1962 zeitlinger 46.00   658.409 SCT 1951 23/09/2019 C-2 Books
  Dewey Decimal Classification     Non-fiction Central Library, University of Rajshahi Central Library, University of Rajshahi   06/12/1962 zeitlinger 46.00   658.409 SCT 1951 23/09/2019 C-4 Books
  Dewey Decimal Classification     Non-fiction Central Library, University of Rajshahi Central Library, University of Rajshahi   06/12/1962 zeitlinger 46.00   658.409 SCT 1951 23/09/2019 C-5 Books
  Dewey Decimal Classification     Non-fiction Central Library, University of Rajshahi Central Library, University of Rajshahi   06/12/1962 zeitlinger 46.00   658.409 SCT 1951 23/09/2019 C-6 Books
  Dewey Decimal Classification     Non-fiction Central Library, University of Rajshahi Central Library, University of Rajshahi   25/03/1963 zeitlinger 46.00   658.409 SCT 1951 23/09/2019 C-7 Books
  Dewey Decimal Classification     Non-fiction Central Library, University of Rajshahi Central Library, University of Rajshahi   28/03/1963 zeitlinger 46.00   658.409 SCT 1951 23/09/2019 C-8 Books
  Dewey Decimal Classification     Non-fiction Central Library, University of Rajshahi Central Library, University of Rajshahi   28/03/1963 zeitlinger 46.00   658.409 SCT 1951 23/09/2019 C-9 Books
  Dewey Decimal Classification   Not For Loan Non-fiction Central Library, University of Rajshahi Central Library, University of Rajshahi Reading Room 18/10/1958 zeitlinger 26.00   658.409 SCT 1951 23/09/2019 C-1 Books
  Dewey Decimal Classification     Non-fiction Central Library, University of Rajshahi Central Library, University of Rajshahi   13/10/1955 ALIES BOOK 26.00   658.409 SCT 1951 10/10/2021 c-10 Books